El abuelo de mi abuela : (Registro nro. 8810)
[ vista simple ]
| 000 -LIDER | |
|---|---|
| fixed length control field | 00893nam a22002417a 4500 |
| 001 - NÚMERO DE CONTROL | |
| Identificador de número de control | 00260 |
| 003 - IDENTIFICACDOR DE NÚMERO DE CONTROL | |
| control field | DO-SdBNP |
| 005 - DATE AND TIME OF LATEST TRANSACTION | |
| control field | 20171213083434.0 |
| 008 - ELEMENTOS DE LONGITUD FIJA | |
| fixed length control field | 151119b 2004 pn xxu||||| |||| 00| 0 spa d |
| 010 ## - NUMERO DE CONTROL DE BIBLIOTECA DEL CONGRESO | |
| LC control number | 00260 |
| 040 ## - FUENTE DE CATALOGACIÓN | |
| Agencia que crea de manera original el registro | BPMSU |
| Idioma de catalogación | spa |
| Agencia que realiza la transcripción | BPMSU |
| 092 ## - LOCALLY ASSIGNED DEWEY DECIMAL CALL NUMBER | |
| Número de clasificación | xxxxx |
| Número de ítem (Cutter) | xxxxx |
| 110 2# - ASIENTO PRINCIPAL--NOMBRE CORPORATIVO | |
| Término de relación | Grupo Pedagógico de Casa Taller (Panamá). |
| 245 00 - MENCIÓN DE TITULO | |
| Título | El abuelo de mi abuela : |
| Subtítulo | era un niño hace 100 años : publicación en homenaje a la república de Panamá en su centenario (1903-2003) / |
| Mención de responsabilidad | Grupo Pedagógico de Casa Taller ; dirección editorial María Isabel Borrero, Gloria Bejarano. |
| 260 ## - PUBLICACIÓN, DISTRIBUCIÓN, ETC. (PIE DE IMPRENTA) | |
| Lugar de publicación, distribución, etc | Panamá : |
| Nombre del editor, distribuidor, etc. | Fundación Casa Taller, |
| Fecha de publicación, distribución, etc | 2004. |
| 300 ## - DESCRIPCIÓN FÍSICA | |
| Extensión | 145 p. : |
| Otros detalles físicos | il. ; |
| Dimensiones | 29 cm. |
| 700 12 - ASIENTO SECUNDARIO -- NOMBRE PERSONAL | |
| Nombre personal | Borrero, María Isabel. |
| Mención de responsabilidad | ed. |
| 700 12 - ASIENTO SECUNDARIO -- NOMBRE PERSONAL | |
| Nombre personal | Bejarano, Gloria. |
| Mención de responsabilidad | ed. |
| 910 ## - VALIDACIÓN | |
| Validación | 00260 |
| 942 ## - ADDED ENTRY ELEMENTS (KOHA) | |
| Source of classification or shelving scheme | Dewey Decimal Classification |
| Koha item type | Libros |
| 945 ## - INFORMACIÓN DE PROCESAMIENTO LOCAL | |
| Información de procesamiento local | inventariado extranjero / DG |
| 956 ## - LOCAL ELECTRONIC LOCATION AND ACCESS (OCLC) | |
| Nombre de host | Lorenza Pérez |
| Número de acceso | 10 |
| Withdrawn status | Lost status | Source of classification or shelving scheme | Damaged status | Not for loan | Collection code | Home library | Current library | Date acquired | Source of acquisition | Total Checkouts | Barcode | Date last seen | Copy number | Price effective from | Koha item type |
|---|---|---|---|---|---|---|---|---|---|---|---|---|---|---|---|
| Dewey Decimal Classification | Biblioteca Pública Metropolitana Salomé Ureña | Biblioteca Pública Metropolitana Salomé Ureña | 11/19/2015 | Donación | BPMSU15110378 | 11/19/2015 | 1 ej. | 11/19/2015 | Libros |